| 000 | 00845cab a2200265 4500 | ||
|---|---|---|---|
| 001 | ABS54950 | ||
| 008 | 090401t1996 xxu||||| |||| 00| 0 eng d | ||
| 035 | _a(Sirsi) u13315 | ||
| 041 | _aeng | ||
| 100 | _aPort, J. | ||
| 245 | _aSoil from scrap | ||
| 260 | _c1996 | ||
| 350 | _a0 | ||
| 490 |
_aLandscape Design _v(249) April 1996, 41-44(4) |
||
| 520 | _aLooks at various inorganic and organic industrial by-products which can be used as soil fertiliser including seweage, domestic waste, fuel ash, brick waste and other materials. Useful addresses. References. | ||
| 650 | _aCOMPOST | ||
| 650 | _aFERTILISERS | ||
| 650 | _aMINERALS PLANNING GUIDANCE NOTE SIX | ||
| 650 | _aPULVERISED FUEL ASH | ||
| 650 | _aSEWAGE SLUDGE | ||
| 650 | _aSOIL | ||
| 690 | _aENVIRONMENTAL AND LAND CONSULTANCY | ||
| 942 | _n0 | ||
| 948 | _c04/03/1997 | ||
| 999 |
_c8580 _d8580 |
||